Proceedings of the Sixth Annual Computer Security Applications Conference : December 3-7, 1990 Tucson, Arizona
Αποθηκεύτηκε σε:
| Συλλογικό Έργο: | , , |
|---|---|
| Μορφή: | Πρακτικό Συνεδρίου Βιβλίο |
| Γλώσσα: | English |
| Δημοσίευση: |
Los, Alamitos, California :
IEEE Computer Society Press,
c1990.
|
| Θέματα: | |
| Ετικέτες: |
Προσθήκη ετικέτας
Δεν υπάρχουν, Καταχωρήστε ετικέτα πρώτοι!
|
MARC
| LEADER | 00000cam a2200000 i 4500 | ||
|---|---|---|---|
| 001 | 1/43860 | ||
| 008 | 941103s1990 cau| ||| |||| ||eng|| | ||
| 020 | |a 0818621052 | ||
| 035 | |a 1991 |c ΚΑΤΣΙΚΑΣ |l 10042133 | ||
| 040 | |a GR-MyUa |b gre |e AACR2 | ||
| 041 | 0 | |a eng | |
| 082 | 7 | |a 658.478 |2 (22) | |
| 111 | 0 | |a Annual Computer Security Applications Conference |n (6th : |d 1990 : |c Tucson, Arizona) | |
| 245 | 1 | 0 | |a Proceedings of the Sixth Annual Computer Security Applications Conference : |b December 3-7, 1990 Tucson, Arizona / |c sponsored by American Society for Industrial Security, Aerospace Computer Security Associates. |
| 246 | 1 | |i Άλλες παραλλαγές του τίτλου: |a Computer Security Applications Conference | |
| 260 | |a Los, Alamitos, California : |b IEEE Computer Society Press, |c c1990. | ||
| 300 | |a 451 σ. ; |c 28 εκ. | ||
| 500 | |a Περιλαμβάνει ευρετήριο. | ||
| 650 | 0 | 0 | |a Computer security |x Congresses. |
| 710 | 2 | |a American Society for Industrial Security. | |
| 710 | 2 | |a Aerospace Computer Security Associates. | |
| 852 | |a INST |b SAMOS |e 19941103 |h 658.478 ANN |p 005300003358 |q 005300003358 |t BK |y 0 | ||